Ušetřené minuty /

Hlavní autor: Baranov, Vasilij Mitrofanovič
Další autoři: Fingl, Jaroslav
Jazyk: Čeština
Vydáno: Praha : Práce, 1953
Vydání: 1. vyd.
Fyzický popis: 58 s.
Knihy
Uloženo v:
LEADER 00837nam a22002772a 4500
001 001693603
003 CZ BrMZK
005 20190712113342.0
007 ta
008 190712s1953 xr er|||||||||||cze d
015 |a cnb000509496 
035 |a (OCoLC)85315207 
040 |a ABA001  |b cze  |c CBA001  |d ABA001  |d BOA001 
041 1 |a cze  |h rus 
100 1 |a Baranov, Vasilij Mitrofanovič  |4 aut 
245 1 0 |a Ušetřené minuty /  |c V. Baranov ; z rus. orig. ... přel. Jaroslav Fingl 
250 |a 1. vyd. 
260 |a Praha :  |b Práce,  |c 1953 
300 |a 58 s. 
500 |a 2200 výt. 
700 1 |a Fingl, Jaroslav  |7 jk01031229  |4 trl 
765 0 |t Sberežennyje minuty  |9 Česky 
910 |a BOA001  |b X-0316.738 
990 |a BK 
991 |b 201907 
996 6 |b 2618804233  |c X-0316.738  |l MZK  |r Sklad / do 24 hodin  |n 0  |w 001734623  |u 000010  |a 1  |e BOA001  |j MZK50  |s P